=LDR 00000nam 2200000 4500 =001 INLIS000000001054519 =005 20260211073453 =035 ##$$a 0010-0226000073 =007 ta =008 260211################g##########0#ind## =020 ##$$a 978-634-96110-0-8 =082 ##$$a 899.221 3 =084 ##$$a 899.221 3 HYP s =100 #$$a Hypenluv =245 1#$$a Serpihan /$c Hypenluv =250 ##$$a cetakan pertama =260 ##$$a Depok :$b Skuad,$c 2025 =300 ##$$a 298 halaman : $b ilustrasi ; $c 13 x 19 cm =500 ##$$a Biografi =600 #4$$a Fiksi Indonesia =990 ##$$a 07970797 =990 ##$$a 07970797 =990 ##$$a 07970797 =990 ##$$a 07970797